000 05969nam a2200421 a 4500
003 CHAP
005 20250528123145.0
007 ta
008 231115s2020 gauado|fr|||| 001 0 eng d
020 _a978-1-947192-53-9
040 _amxchpua
_cCHAP
_erda
050 1 0 _aTH7012
_b.H43 2020
082 0 0 _a697
_bH43 2020
_220
110 0 _95301
_aAmerican Society of Heating, Refrigerating and Air Conditioning Engineers (ASHRAE)
245 1 6 _a2020 ASHRAE Handbook :
_bHeating, ventilating, and air-conditioning - systems and equipment /
_cASHRAE
246 1 0 _aASHRAE Handbook :
_bHeating, ventilating, and air-conditioning - systems and equipment
246 1 0 _aHeating, ventilating, and air-conditioning :
_bsystems and equipment
250 _aSI edition
264 _aGeorgia, U.S.A. :
_bASHRAE,
_c2020
300 _a1 v. (en varias paginaciones) :
_bilustraciones, gráficas, diagramas, tablas, fotos
336 _2rdacontent
_atexto
_btxt
337 _2rdamedia
_asin medio
_bn
338 _2rdacarrier
_avolumen
_bnc
490 1 _aASHRAE Handbook
504 _aIncluye bibliografías
505 _gContributors -- ASHRAE Technical Committees, Task Groups, and Technical Resource Groups -- ASHRAE Research: Improving the Quality of Life -- Preface -- AIR-CONDITIONING AND HEATING SYSTEMS -- HVAC System Analysis and Selection (TC 9.1, Large Building Air-Conditioning Systems) -- Decentralized Cooling and Heating (TC 9.1) -- Central Cooling and Heating Plants (TC 9.1) -- Air Handling and Distribution (TC 9.1) -- In-Room Terminal Systems (TC 9.1) -- Radiant Heating and Cooling (TC 6.5, Radiant Heating and Cooling) -- Combined Heat and Power Systems (TC 1.10, Cogeneration Systems) -- Combustion Turbine Inlet Cooling (TC 1.10) -- Applied Heat Pump and Heat Recovery Systems (TC 6.8, Geothermal Heat Pump and Energy Recovery Applications) -- Small Forced-Air Heating and Cooling Systems (TC 6.3, Central Forced Air Heating and Cooling Systems) -- Steam Systems (TC 6.1, Hydronic and Steam Equipment and Systems) -- District Heating and Cooling (TC 6.2, District Energy) -- Hydronic Heating and Cooling (TC 6.1) -- Condenser Water Systems (TC 6.1) -- Medium- and High-Temperature Water Heating (TC 6.1) -- Infrared Radiant Heating (TC 6.5) -- Ultraviolet Lamp Systems (TC 2.9, Ultraviolet Air and Surface Treatment) -- Variable Refrigerant Flow (TC 8.7, Variable Refrigerant Flow [VRF]) -- AIR-HANDLING EQUIPMENT AND COMPONENTS -- Duct Construction (TC 5.2, Duct Design) -- Room Air Distribution Equipment (TC 5.3, Room Air Distribution) -- Fans (TC 5.1, Fans) -- Humidifiers (TC 5.11, Humidifying Equipment) -- Air-Cooling and Dehumidifying Coils (TC 8.4, Air-to-Refrigerant Heat Transfer Equipment) -- Desiccant Dehumidification and Pressure-Drying Equipment (TC 8.12, Desiccant Dehumidification Equipment and Components) -- Mechanical Dehumidifiers and Related Components (TC 8.10, Mechanical Dehumidification Equipment and Heat Pipes) -- Air-to-Air Energy Recovery Equipment (TC 5.5, Air-to-Air Energy Recovery) -- Air-Heating Coils (TC 8.4) -- Unit Ventilators, Unit Heaters, and Makeup Air Units (TC 6.1 and TC 5.8, Industrial Ventilation) -- Air Cleaners for Particulate Contaminants (TC 2.4, Particulate Air Contaminants and Particulate Contaminant Removal Equipment) -- Industrial Gas Cleaning and Air Pollution Control (TC 5.4, Industrial Process Air Cleaning [Air Pollution Control]) -- HEATING EQUIPMENT AND COMPONENTS -- Automatic Fuel-Burning Systems (TC 6.10, Fuels and Combustion) -- Boilers (TC 6.1) -- Furnaces (TC 6.3) -- Residential In-Space Heating Equipment (TC 6.5) -- Chimney, Vent, and Fireplace Systems (TC 6.10) -- Hydronic Heat-Distributing Units and Radiators (TC 6.1) -- Solar Energy Equipment (TC 6.7, Solar Energy Utilization) -- COOLING EQUIPMENT AND COMPONENTS -- Compressors (TC 8.1, Positive Displacement Compressors, and TC 8.2, Centrifugal Machines) -- Condensers (TC 8.4, TC 8.5, Liquid-to-Refrigerant Heat Exchangers, and TC 8.6, Cooling Towers and Evaporative Condensers) -- Cooling Towers (TC 8.6) -- Evaporative Air-Cooling Equipment (TC 5.7, Evaporative Cooling) -- Liquid Coolers (TC 8.5) -- Liquid-Chilling Systems (TC 8.1 and TC 8.2) -- GENERAL COMPONENTS -- Centrifugal Pumps (TC 6.1) -- Motors, Motor Controls, and Variable-Frequency Drives (TC 1.11, Electric Motors and Motor Control) -- Valves (TC 6.1) -- Heat Exchangers (TC 6.1) -- PACKAGED, UNITARY, AND SPLIT-SYSTEM EQUIPMENT -- Unitary Air Conditioners and Heat Pumps (TC 8.11, Unitary and Room Air Conditioners and Heat Pumps) -- Room Air Conditioners and Packaged Terminal Air Conditioners (TC 8.11) -- GENERAL -- Thermal Storage (TC 6.9, Thermal Storage) -- Codes and Standards -- Additions and Corrections -- Index -- Composite index to the 2017 Fundamentals, 2018 Refrigeration, 2019 HVAC Applications, and 2020 HVAC Systems and Equipment volumes -- Comment Pages
520 2 _aThe 2020 ASHRAE Handbook—HVAC Systems and Equipment discusses various systems and the equipment (components or assemblies) they comprise, and describes features and differences. This information helps system designers and operators to select and use equipment that is the best fit for a particular application or scenario. Subject matter experts on ASHRAE Technical Committees in each subject area have reviewed all chapters and revised them as needed for current technology and practice.
650 1 3 _9159200
_aSistemas de calefacción
650 1 3 _9161233
_aSistemas de ventilación
650 1 3 _9150982
_aAcondicionamiento de aire
650 1 3 _9159199
_aHeating systems
650 1 3 _9161234
_aVentilation systems
650 1 3 _9150971
_aAir conditioning
710 1 _95301
_aAmerican Society of Heating, Refrigerating and Air Conditioning Engineers (ASHRAE)
830 0 _9188280
_aASHRAE Handbook
942 _2ddc
942 _cLIBRO
_2ddc
999 _c219408
_d219408